| 000 | 01019nam a22002297a 4500 | ||
|---|---|---|---|
| 003 | OSt | ||
| 005 | 20250918160149.0 | ||
| 008 | 240401b ||||| |||| 00| 0 eng d | ||
| 040 | _c0 | ||
| 082 | _aDPer 621.381 In821 September 2022 v. 37 n. 9 | ||
| 100 |
_aHuang, Linsen. _eauthor. _955585 |
||
| 245 |
_aDuty-ratio-based direct torque control with enhanced harmonic current suppression for dual-three-phase permanent magnet motor / _cLinsen Huang, Jinghua Ji, Wenxiang Zhao, Tao Tao, and Jia Cui. |
||
| 260 |
_aNew York ; _bThe Institute of Electrical and Electronics Engineers, Inc. , _cSeptember 2022. |
||
| 300 |
_aVolume 37, pages 11098-11108 : _billustration ; _c28 cm. |
||
| 500 | _aIEEE Transitions on Power Electronics, v. 37 n. 9, pages 11098-11108, September 2022. | ||
| 700 |
_aHuang, Linsen. _eauthor. _955585 |
||
| 700 |
_aJi, Jinghua. _eauthor. _955586 |
||
| 700 |
_aZhao, Wenxiang. _eauthor. _955587 |
||
| 700 |
_aTao, Tao. _eauthor. _955588 |
||
| 700 |
_aCui, Jia. _eauthor. _955589 |
||
| 942 |
_2ddc _cPER |
||
| 999 |
_c19911 _d19911 |
||